000 01035cam a22002771i 4500
003 SA-RiAUC
005 20250322131127.0
008 250321s1993 ua g b 00000 ara c
040 _aSA-RiAUC
_bara
_cSA-RiAUC
_erda
043 _aa-su---
050 4 _b.A35 1993
082 0 4 _a810.99531
_qSA-RiAUC
090 _a810.99531
_b ع ف ي
100 1 _aعفيفي، محمد الصادق
_eمؤلف.
245 1 0 _aدراسات في الأدب السعودي /
_cتأليف محمد الصادق عفيفي.
250 _aالطبعة الأولى.
264 1 _aالقاهرة :
_bمكتبة الخانجي،
_c1993
300 _a191 صفحة ؛
_c24 سم
336 _aنص
_btxt
_2rdacontent
_3كتاب
337 _aبدون وسيط
_bn
_2rdamedia
338 _aمجلد
_bnc
_2rdacarrier
504 _aيشتمل على إرجاعات ببليوجرافية.
650 7 _aالأدب العربي
_zالسعودية
_xتاريخ ونقد
_2aucsh
942 _2ddc
_cBOOK
_n0
949 _aSA-JeALM
_d250321
_umohamedma123
_n1
999 _c6565
_d6565